Diccionario de economía y finanzas
Tallennettuna:
| Päätekijät: | , |
|---|---|
| Aineistotyyppi: | Kirja |
| Kieli: | espanja |
| Julkaistu: |
Madrid
Alianza
1996
|
| Aiheet: | |
| Tagit: |
Lisää tagi
Ei tageja, Lisää ensimmäinen tagi!
|
MARC
| LEADER | 00000nam a2200000 a 4500 | ||
|---|---|---|---|
| 001 | UCH5413 | ||
| 003 | CL-VaPUC | ||
| 008 | 091014e19960000SP |||||||||||||||||spa|d | ||
| 020 | |a 8420694576 | ||
| 082 | 0 | 4 | |a 330.03 |b TAM |2 21 |
| 100 | 0 | |a Tamames, Ramón |e author |9 541690 | |
| 700 | 0 | |a Gallego, Santiago |e author |9 541691 | |
| 245 | 1 | 0 | |a Diccionario de economía y finanzas |
| 300 | |a 711 p | ||
| 942 | |c BK | ||
| 945 | |d 20091014 00:00:00 |a lazolas | ||
| 260 | |a Madrid |b Alianza |c 1996 | ||
| 650 | 0 | |a Economía |9 255568 | |
| 650 | 0 | |a Diccionarios |9 256200 | |
| 583 | |a last modification |c 20091014 00:00:00 |k Rodrigo Vera | ||
| 999 | |c 336556 |d 336554 | ||